Ricostruisci la Carriera del Calciatore - Marco Benassi - Statistics

Statistiche generali
  • Questo quiz è stato fatto 5 volte
  • Il punteggio medio è 2 su 9
Statistiche sulle risposte
Hint Risposta % Corretto
2023 Cremonese
67%
2017-2020 Fiorentina
33%
2021-2022 Fiorentina
33%
2012-2013 Inter
33%
2013-2014 Livorno
33%
2020-2021 Verona
33%
2022 Empoli
0%
2022-2023 Fiorentina
0%
2014-2017 Torino
0%
Nessun quiz corrispondente trovato
Distribuzione punteggi
Percentuale di utenti per punteggio
Percentile per numero di risposta
I tuoi punteggi nel tempo
Non hai fatto questo quiz